The Office Episode Titles (American) - Statistics

General Stats
  • This quiz has been taken 9 times
  • The average score is 12 of 18
Answer Stats
Hint Answer % Correct
flonkerton, M&Ms, yogurt lid, condo, Office Olympics
100%
wedding band, gambling, confession, kiss, misinterpreted Casino Night
86%
camcorder, CD, plasma screen, trophy, vasectomy, fight Dinner Party
86%
cheerleader, celebration, India, proposal Diwali
86%
joint, urine, jinx, vending machine, Coke Drug Testing
86%
laser pointer, spanking, keys, elevator, pee corner Nepotism
86%
watermelon, rooftop, depression, bets, shun Safety Training
86%
desert island, cheese pita, business school, toaster oven The Fire
86%
game, Saturday, stereotypes, warehouse, recycle bin Basketball
71%
return, Caprese salad, police, clown painting, microwave Frame Toby
71%
canceled, Tuna, drunk driving, kiss, coming out Gay Witch Hunt
71%
watermark, identity theft, high school, press conference Product Recall
71%
chili, sandals, panties, clients, matching Casual Friday
57%
mayonnaise, bald, karaoke, stressed, basketball Lice
57%
secret, Prius, parking lot, love triangle, New York The Duel
57%
Computron, flashback, liabilities, fact checker The Banker
43%
lunch, hair, pillows, secret, Cookie Monster Secretary's Day
29%
"penile softness", manager's desk, punch, wall, poem Angry Andy
14%
No matching quizzes found
Score Distribution
Percent of People with Each Score
Percentile by Number Answered
Your Score History
You have not taken this quiz